Statistiques concernant 2000 plus grandes villes de France

Cliquez ici pour prendre le quiz!

Statistiques générales

  • Ce quiz a été pris 137 fois
  • Le résultat moyen est 98 sur 1999

Réponses sur la Carte

Les réponses sont colorées sur une échelle allant du rouge au vert en fonction du pourcentage des utilisateurs qui les ont devinées à leur premier essai. Vous pouvez retrouver ces pourcentages ci-dessous.
 

Statistiques - réponses

City% Correct
Paris
85%
Lille
76%
Marseille
76%
Toulouse
75%
Nice
74%
Strasbourg
73%
Ajaccio
71%
Brest
71%
Lyon
70%
Bordeaux
67%
Nantes
67%
Toulon
65%
Bastia
63%
Rennes
62%
Dunkerque
61%
Nancy
61%
Dijon
60%
Metz
60%
Caen
59%
La Roche-sur-Yon
59%
Montpellier
59%
Perpignan
59%
Saint-Étienne
59%
Nîmes
58%
Grenoble
57%
Le Havre
57%
Clermont
56%
Clermont-Ferrand
56%
Calais
55%
Le Mans
55%
Rouen
55%
Cannes
54%
Pau
54%
Quimper
54%
Aix-en-Provence
53%
La Rochelle
53%
Limoges
53%
Reims
53%
Roubaix
53%
Saint-Denis
53%
Mulhouse
52%
Orléans
52%
Valence
51%
Annecy
50%
Bayonne
50%
Cherbourg
50%
Colmar
50%
Angé
49%
Bourg-en-Bresse
49%
Poitiers
49%
Saint-Malo
49%
Tours
49%
Versailles
49%
Amiens
48%
Biarritz
48%
Lorient
48%
Avignon
47%
Besançon
47%
Chatte
47%
Vannes
47%
Arras
46%
Lens
46%
Arles
45%
Saint-Brieuc
45%
Tourcoing
45%
Villeurbanne
44%
Gap
43%
Laval
43%
Troyes
43%
Menton
42%
Nanterre
42%
Narbonne
42%
Antibes
41%
Chambéry
41%
Beauvais
40%
Carcassonne
40%
Cergy
40%
Charleville-Mézières
40%
Béziers
39%
Bourges
39%
Châteauroux
39%
Mérignac
38%
Saint-Nazaire
38%
Albi
37%
Angers
37%
Boulogne-Billancourt
37%
Évreux
37%
Niort
37%
Valenciennes
37%
Argenteuil
36%
Belfort
36%
Chartres
36%
Créteil
36%
Sète
36%
Alès
35%
Hyères
35%
Montauban
35%
Saint-Quentin
35%
Tarbes
35%
Blois
34%
Dax
34%
Fréjus
34%
Issy-les-Moulineaux
34%
Laon
34%
Agen
33%
Angoulême
33%
Auxerre
33%
Boulogne-sur-Mer
33%
Châlons-en-Champagne
33%
Grasse
33%
Melun
33%
Nevers
33%
Orange
32%
Pessac
32%
Martigues
31%
Montreuil
31%
Aubervilliers
30%
Bobigny
30%
Cholet
30%
Meaux
30%
Mont-de-Marsan
30%
Périgueux
29%
Vénissieux
29%
Alençon
28%
Antony
28%
Aurillac
28%
Castres
28%
Dieppe
28%
Istres
28%
Libourne
28%
Neuilly-sur-Seine
28%
Rodez
28%
Dreux
27%
Épinal
27%
Draguignan
26%
Les Sables-d’Olonne
26%
Pontoise
26%
Saintes
26%
Aix-les-Bains
25%
Brive-la-Gaillarde
25%
La Borde
25%
Levallois-Perret
25%
Sarcelles
25%
Thonon-les-Bains
25%
Aubagne
24%
Auch
24%
Cambrai
24%
Douai
24%
Mantes-la-Jolie
24%
Vichy
24%
Abbeville
23%
Chaumont
23%
Clichy
23%
Dole
23%
Mâcon
23%
Montbéliard
23%
Thionville
23%
Vierzon
23%
Agde
22%
Aulnay-sous-Bois
22%
Fontaine
22%
La Ciotat
22%
Montélimar
22%
Montluçon
22%
Rue
22%
Saint-Ouen
22%
Talence
22%
Annemasse
21%
Bergerac
21%
Laas
21%
Oyonnax
21%
Saint-Maur
21%
Saint-Raphaël
21%
Soissons
21%
Vienne
21%
Vincennes
21%
Drancy
20%
Fougères
20%
Ivry-sur-Seine
20%
Mus
20%
Roanne
20%
Saumur
20%
Beaune
19%
Béthune
19%
Compiègne
19%
La Seyne-sur-Mer
19%
Lisieux
19%
Marignane
19%
Montrouge
19%
Puteaux
19%
Roya
19%
Rueil-Malmaison
19%
Saint-Leau
19%
Salon-de-Provence
19%
Châtellerault
18%
Colombes
18%
Épernay
18%
Haguenau
18%
La Villeneuve
18%
Orly
18%
Blagnac
17%
Carpentras
17%
Le Cannet
17%
Pantin
17%
Rochefort
17%
Villefranche-sur-Saône
17%
Vitry-sur-Seine
17%
Anglet
16%
Bègles
16%
Cagnes-sur-Mer
16%
Saint-Germain-en-Laye
16%
Sartrouville
16%
Sens
16%
Chelles
15%
Gennevilliers
15%
La Courneuve
15%
Malakoff
15%
Millau
15%
Poissy
15%
Trappes
15%
Vanves
15%
Villejuif
15%
Alfortville
14%
Bondy
14%
Clamart
14%
Colomiers
14%
Fontenay-sous-Bois
14%
Maubeuge
14%
Meudon
14%
Nogent-sur-Marne
14%
Saint-Herblain
14%
Sevran
14%
Suresnes
14%
Torcy
14%
Bron
13%
Étampes
13%
Forbach
13%
Joué-lés-Tours
13%
Le Port
13%
Manosque
13%
Massy
13%
Rambouillet
13%
Saint-Laurent-du-Var
13%
Vaulx-en-Velin
13%
Armentières
12%
Bagnolet
12%
Cavaillon
12%
Champigny-sur-Marne
12%
Hendaye
12%
Le Creusot
12%
Neuilly-sur-Marne
12%
Noisy-le-Grand
12%
Palaiseau
12%
Rezé
12%
Villeneuve-sur-Lot
12%
Vitrolles
12%
Bagneux
11%
Chalon-sur-Saône
11%
Châtillon
11%
Creil
11%
Frontignan
11%
Hénin-Beaumont
11%
Le Blanc-Mesnil
11%
Le Moulin
11%
Saint-Cloud
11%
Saint-Martin-d’Hères
11%
Saint-Priest
11%
Sarreguemines
11%
Challans
10%
Chatou
10%
Échirolles
10%
L’Haÿ-les-Roses
10%
Maisons-Alfort
10%
Noisy-le-Sec
10%
Romans-sur-Isère
10%
Saint-Dizier
10%
Saint-Julien
10%
Caluire-et-Cuire
9%
Garges-lès-Gonesse
9%
Grigny
9%
Houilles
9%
Langon
9%
Lanne
9%
La Teste-de-Buch
9%
Le Roc
9%
Les Lilas
9%
Lormont
9%
Lunel
9%
Mandelieu-la-Napoule
9%
Vernon
9%
Wattrelos
9%
Yerres
9%
Bourgoin-Jallieu
8%
Brétigny
8%
Cerbère
8%
Coutances
8%
Le Kremlin-Bicêtre
8%
Le Petit-Quevilly
8%
Marcq-en-Baroeul
8%
Muret
8%
Pertuis
8%
Saint-Chamond
8%
Saint-Louis
8%
Saint-Mandé
8%
Villenave-d’Ornon
8%
Voiron
8%
Allauch
7%
Cenon
7%
Clichy-sous-Bois
7%
Corbeil-Essonnes
7%
Gagny
7%
Gardanne
7%
Gujan-Mestras
7%
La Garenne-Colombes
7%
Les Mureaux
7%
Plaisir
7%
Saint-Étienne-du-Rouvray
7%
Saint-Sébastien-sur-Loire
7%
Schiltigheim
7%
Sèvres
7%
Stains
7%
Tournefeuille
7%
Vallauris
7%
Wasquehal
7%
Arcueil
6%
Athis-Mons
6%
Bois-Colombes
6%
Bourg-la-Reine
6%
Châtenay-Malabry
6%
Chaville
6%
Épinay-sur-Seine
6%
Franconville
6%
Fresnes
6%
Goussainville
6%
Lanester
6%
Le Bouscat
6%
Le Grand-Quevilly
6%
Liévin
6%
Longjumeau
6%
Lure
6%
Miramas
6%
Orvault
6%
Oullins
6%
Paimpol
6%
Rosny-sous-Bois
6%
Saverne
6%
Six-Fours-les-Plages
6%
Verne
6%
Verneuil
6%
Villemomble
6%
Achères
5%
Bussy-Saint-Georges
5%
Charenton-le-Pont
5%
Choisy-le-Roi
5%
Décines-Charpieu
5%
Eaubonne
5%
Fontenay-aux-Roses
5%
Givet
5%
Gonesse
5%
Gradignan
5%
Grande-Synthe
5%
Guyancourt
5%
Hérouville
5%
La Champ
5%
Lambersart
5%
Le Bourget
5%
Le Plessis-Robinson
5%
Les Moulins
5%
Les Pennes-Mirabeau
5%
Maisons-Laffitte
5%
Mantes-la-Ville
5%
Montfermeil
5%
Olivet
5%
Rillieux-la-Pape
5%
Saint-André
5%
Saint-Jacques
5%
Savigny-sur-Orge
5%
Sucy-en-Brie
5%
Thiais
5%
Tremblay
5%
Villeneuve-la-Garenne
5%
Villeparisis
5%
Chamonix-Mont-Blanc
4%
Champs-Sur-Marne
4%
Château-Gontier
4%
Croix
4%
Ermont
4%
Fleury-les-Aubrais
4%
Giens
4%
Hazebrouck
4%
Illkirch-Graffenstaden
4%
La Garde
4%
La Pierre
4%
La Valette-du-Var
4%
Livry-Gargan
4%
Marly
4%
Marre
4%
Mons-en-Baroeul
4%
Montigny-le-Bretonneux
4%
Montmorency
4%
Mont-Saint-Aignan
4%
Neuilly-Plaisance
4%
Propriano
4%
Roissy-en-Brie
4%
Sainte-Foy-lès-Lyon
4%
Sainte-Geneviève-des-Bois
4%
Saint-Genis-Laval
4%
Saint-Gratien
4%
Saint-Maur-des-Fossés
4%
Saint-Médard-en-Jalles
4%
Sannois
4%
Tassin-la-Demi-Lune
4%
Vandœuvre-lès-Nancy
4%
Vertou
4%
Villeneuve-le-Roi
4%
Villeneuve-Saint-Georges
4%
Villiers-le-Bel
4%
Viry-Châtillon
4%
Beausoleil
3%
Bezons
3%
Cachan
3%
Carrières-sur-Seine
3%
Castelnau-le-Lez
3%
Coudekerque-Branche
3%
Couëron
3%
Cournon-d’Auvergne
3%
Deuil-la-Barre
3%
Draveil
3%
Élancourt
3%
Halluin
3%
La Madeleine
3%
Le Perreux-Sur-Marne
3%
Le Plessis-Trévise
3%
Le Vert
3%
Meyzieu
3%
Montigny-lès-Cormeilles
3%
Nogent-sur-Oise
3%
Osny
3%
Ozoir-la-Ferrière
3%
Pierrefitte-sur-Seine
3%
Ris-Orangis
3%
Saint-Didier
3%
Saint-Gervais
3%
Saint-Ouen-l’Aumône
3%
Saint-Vincent-et-les-Grenadines
3%
Savigny-le-Temple
3%
Sotteville-lès-Rouen
3%
Tende
3%
Viel
3%
Villepinte
3%
Bergues
2%
Boule-d’Amont
2%
Cap-d’Ail
2%
Charmes
2%
Chilly-Mazarin
2%
Combs-la-Ville
2%
Comines
2%
Conflans-Sainte-Honorine
2%
Cormeilles-en-Parisis
2%
Coutras
2%
Eysines
2%
Fonteneau
2%
Gif-sur-Yvette
2%
Herm
2%
Hérouville-Saint-Clair
2%
La Celle-Saint-Cloud
2%
Leers
2%
Le Mée-sur-Seine
2%
Les Lagnys
2%
Les Pavillons-sous-Bois
2%
Loos
2%
Marly-le-Roi
2%
Marvejols
2%
Mézières
2%
Montigny-lès-Metz
2%
Rocroi
2%
Roussi
2%
Saint-Amand-les-Eaux
2%
Saint-André-de-Cubzac
2%
Saint-Vallier
2%
Sospel
2%
Stas
2%
Taverny
2%
Tresserre
2%
Vélizy-Villacoublay
2%
Villers
2%
Villiers-sur-Marne
2%
Wissembourg
2%
Anglès
1%
Angoulins
1%
Argens
1%
Argentières
1%
Autrans
1%
Beaurepaire
1%
Béon
1%
Besse
1%
Bessines
1%
Bourget
1%
Breil-sur-Roya
1%
Brétigny-sur-Orge
1%
Bretten
1%
Brunoy
1%
Cabriès
1%
Cessy
1%
Château-d’Olonne
1%
Collonges-au-Mont-d’Or
1%
Courcelles
1%
Courcouronnes
1%
Dammarie-lè-Lys
1%
Dury
1%
Épinay-sur-Orge
1%
Fayet
1%
Ferney-Voltaire
1%
La Brigue
1%
La Colle-sur-Loup
1%
La Farlède
1%
La Fraise
1%
La Polle
1%
Lauterbourg
1%
Le Fer
1%
Le Mesnil
1%
Le Perthus
1%
Le Pont-de-Beauvoisin
1%
Les Mottes
1%
Les Veaux
1%
Leurville
1%
Limeil-Brévannes
1%
Liry
1%
Loiré
1%
Montgeron
1%
Morsang-sur-Orge
1%
Mortagne
1%
Neulles
1%
Notre-Dame-de-Monts
1%
Pleaux
1%
Ribeauville
1%
Romainville
1%
Saint-Jean-de-Braye
1%
Sarrus
1%
Sauveterre-de-Guyenne
1%
Sémalens
1%
Tarnos
1%
Uzer
1%
Verrières
1%
Vigneux-sur-Seine
1%
Aboën
0%
Acheux-en-Vimeu
0%
Aguessac
0%
Aguts
0%
Aiguèze
0%
Aillac
0%
Aimons
0%
Ainac
0%
Aizecq
0%
Albertacce
0%
Alboussière
0%
Ally
0%
Amanty
0%
Amfreville-sous-les-Monts
0%
Anglards-de-Salers
0%
Antin
0%
Antonianes
0%
Antully
0%
Anzex
0%
Apach
0%
Apcher
0%
Apprieu
0%
Aragnouet
0%
Arbignieu
0%
Arbus
0%
Arbusigny
0%
Ardent
0%
Arengosse
0%
Arganchy
0%
Argentine
0%
Arinthod
0%
Armancourt
0%
Arnoncourt-sur-Apance
0%
Arraggio
0%
Arsilhac
0%
Asfeld
0%
Asnières-sur-Vègre
0%
Aubercy
0%
Aubevideyre
0%
Aubin-Saint-Vaast
0%
Auboncourt-Vauzelles
0%
Auchebie
0%
Audignies
0%
Aulnay-la-Rivière
0%
Auquemesnil
0%
Auradou
0%
Auxillac
0%
Auxon-Dessous
0%
Auxonne
0%
Avelesges
0%
Azereix
0%
Bacourt
0%
Badonvilliers
0%
Bailly
0%
Baliros
0%
Balschwiller
0%
Bar-lès-Buzancy
0%
Bas Bourg
0%
Baunel
0%
Bax
0%
Bayon-sur-Gironde
0%
Bazancourt
0%
Baziège
0%
Bazoches-les-Gallerandes
0%
Bazoches-sur-Guyonne
0%
Bazouges sous Hédé
0%
Beauchalot
0%
Beaucourt-sur-l’Hallue
0%
Beaufin
0%
Beaulon
0%
Beaumont-de-Lomagne
0%
Beaumont-du-Lac
0%
Beauvoir-Rivière
0%
Béchereau
0%
Becquincourt
0%
Bédeille
0%
Belinay
0%
Bellacaud
0%
Bellefoye
0%
Belleuse
0%
Belmont-d’Azergues
0%
Belverne
0%
Belvis
0%
Bénaven
0%
Bendejun
0%
Berbiguières
0%
Bercloux
0%
Berentzwiller
0%
Bergonne
0%
Bernes
0%
Berraute
0%
Berrie
0%
Berrogain
0%
Berthes
0%
Besneville
0%
Bessey-en-Chaume
0%
Béthelainville
0%
Betour
0%
Beulle
0%
Bichancourt
0%
Bienville
0%
Bizonnes
0%
Blaesheim
0%
Blainville-Crevon
0%
Blanzaguet
0%
Blars
0%
Blis-et-Born
0%
Bocca di l’Oru
0%
Boën-sur-Lignon
0%
Boeurs-en-Othe
0%
Bois-Champ-Beau
0%
Boisyvon
0%
Boitron
0%
Bonas
0%
Bonnebosq
0%
Bonne Fontaine
0%
Bonnevaux-le-Prieuré
0%
Bornay
0%
Bosc-Asselin
0%
Bosc-Édeline
0%
Bosmont-sur-Serre
0%
Bouafles
0%
Bouconville
0%
Bougès
0%
Bougy
0%
Bouillac
0%
Boullard
0%
Boulleret
0%
Bouloc
0%
Bouray-sur-Juine
0%
Bourbach-le-Haut
0%
Bourdeilles
0%
Bourg de Nozay
0%
Bourg-Madame
0%
Bourisp
0%
Bousignies-sur-Roc
0%
Boussès
0%
Bouvent
0%
Bouzonville
0%
Branceilles
0%
Brancourt-le-Grand
0%
Brandillon
0%
Branne
0%
Braslou
0%
Brault
0%
Bray-Dunes
0%
Bressolles
0%
Brethenoux
0%
Brévands
0%
Brie-sous-Barbezieux
0%
Brinckheim
0%
Briollay
0%
Briotte
0%
Bromeilles
0%
Brommat
0%
Brugelet
0%
Bruguières
0%
Brunissard
0%
Brunvillers-la-Motte
0%
Bubertré
0%
Bucchinera
0%
Bugnières
0%
Bunus
0%
Buron
0%
Buschwiller
0%
Bussiereix
0%
Buteau
0%
Buzet-sur-Tarn
0%
Cabanac-Cazaux
0%
Cagnoncles
0%
Calasima
0%
Caldaja
0%
Callian
0%
Calvignac
0%
Cambremer
0%
Campagnac-lès-Quercy
0%
Campel
0%
Campénéac
0%
Campu
0%
Canet-de-Salars
0%
Carantec
0%
Carisieu
0%
Casarimacciu
0%
Cassagnabère-Tournas
0%
Castellar
0%
Caubous
0%
Causse-de-la-Selle
0%
Cavarc
0%
Cazin
0%
Cébazat
0%
Cenne-Monestiés
0%
Cernay
0%
Cernon
0%
Chacenay
0%
Chalampé
0%
Challain-la-Potherie
0%
Challex
0%
Chamadelle
0%
Chambeau
0%
Chamberaud
0%
Chamberet
0%
Chambley
0%
Chambon-Sainte-Croix
0%
Champcenest
0%
Champ d’Oiseau
0%
Champguyon-Bas
0%
Champlost
0%
Champvalins
0%
Chantérac
0%
Chantocelle
0%
Charaud
0%
Chardenoux
0%
Chassagnolles
0%
Chataignol
0%
Châtres-la-Forêt
0%
Chauffour-lès-Étréchy
0%
Chaumard
0%
Chaumes de la Bigotte
0%
Chaunac
0%
Chauvirey-le-Vieil
0%
Chaux-des-Crotenay
0%
Chaux-des-Prés
0%
Chaveignes
0%
Chavenat
0%
Chef-Haut
0%
Chémeré
0%
Chemiré-le-Gaudin
0%
Chêne-Bernard
0%
Chênedouit
0%
Chêne-Godon
0%
Chériennes
0%
Chéry
0%
Chevaigné-du-Maine
0%
Chevinay
0%
Cheyran
0%
Chezelles
0%
Chez Maroc
0%
Chiatra
0%
Chourgnac
0%
Cirières
0%
Cize
0%
Clairefontaine
0%
Clemencière
0%
Clergoux
0%
Clermont-les-Fermes
0%
Cliponville
0%
Clouchouren
0%
Coatéval
0%
Cocherel
0%
Coclois
0%
Coiffy-le-Bas
0%
Coignières
0%
Coiranne
0%
Coise
0%
Coispéan
0%
Coissard
0%
Collias
0%
Commeaux
0%
Conches
0%
Condat
0%
Condat-en-Combraille
0%
Condat-sur-Trincou
0%
Conflans-sur-Anille
0%
Connangles
0%
Connelles
0%
Conord
0%
Coquelles
0%
Corbeil-Cerf
0%
Corcelles
0%
Corneilla-de-Conflent
0%
Corneilla-del-Vercol
0%
Cornihout-du-Mesnil
0%
Corsept
0%
Coubjours
0%
Coucy-le-Château-Auffrique
0%
Coudray
0%
Couëtreux
0%
Couffé
0%
Courbevoic
0%
Courcelles-lès-Semur
0%
Courson-Monteloup
0%
Courteilles
0%
Courtines
0%
Courtoin
0%
Crachier
0%
Crégy-lès-Meaux
0%
Cret d’Aiguilly
0%
Crévoux
0%
Criviller
0%
Crognac
0%
Croisette
0%
Crosey-le-Petit
0%
Crouseilles
0%
Cruciata
0%
Crusnes
0%
Cuhon
0%
Cuinzier
0%
Cusy
0%
Cuttura
0%
Cuves
0%
Daignac
0%
Dallet
0%
Dambelin
0%
Dannevoux
0%
Dargout
0%
Delle
0%
Demange-aux-Eaux
0%
Dénézé-sous-le-Lude
0%
Dessenheim
0%
Dettey
0%
Diant
0%
Dierre
0%
Dignonville
0%
Dissé-sous-Ballon
0%
Dommartin-Lettrée
0%
Domptail
0%
Domptail-en-l’Air
0%
Donzacq
0%
Dorans
0%
Dordives
0%
Doubs
0%
Doulan
0%
Doumely-Bégny
0%
Doumis
0%
Douneau
0%
Dracy-lès-Couches
0%
Drocourt
0%
Drulhe
0%
Druy-Parigny
0%
Éclance
0%
Écouflant
0%
Écouviez
0%
Écuillon
0%
Élise
0%
Ennetières-en-Weppes
0%
Envaud
0%
Épluques
0%
Eppe-Sauvage
0%
Éramecourt
0%
Erckartswiller
0%
Esnes
0%
Espagnac
0%
Espeyroux
0%
Espinasse
0%
Essarts
0%
Esse
0%
Essey
0%
Estables
0%
Estillols
0%
Étable
0%
Etcharry
0%
Étréchy
0%
Étroussat
0%
Euvezin
0%
Exeidioux
0%
Eyrayas
0%
Fadainville
0%
Farémont
0%
Farges-lès-Mâcon
0%
Faucigny
0%
Faulquemont
0%
Fauville-en-Caux
0%
Faverolles-et-Coëmy
0%
Felletin
0%
Ferrières-lès-Ray
0%
Fey-en-Haye
0%
Firfol
0%
Flaittes
0%
Fléré-la-Rivière
0%
Floyon
0%
Fomerey
0%
Fontaine-Bellenger
0%
Fontaine-lès-Vervins
0%
Fontenilles-d’Aigueparse
0%
Font-Romain
0%
Fontvieille
0%
Fonville
0%
Forges-la-Forêt
0%
Forstheim
0%
Foucart
0%
Fouqueville
0%
Foussemagne
0%
Fouzilhon
0%
Francueil
0%
Franqueville
0%
Frenelle-la-Grande
0%
Fresnoy-le-Château
0%
Frespech
0%
Friburge
0%
Friesenheim
0%
Frons
0%
Gagnac-sur-Garonne
0%
Galapian
0%
Gardouch
0%
Garnat-sur-Engièvre
0%
Gâvres
0%
Gélacourt
0%
Genevreuille
0%
Génillé
0%
Genneville
0%
Gercy
0%
Gevigney-et-Mercey
0%
Gez-ez-Angles
0%
Gicquel
0%
Gilley
0%
Gimouille
0%
Glasenberg
0%
Goas
0%
Goastalan
0%
Goetzenbruck
0%
Gognies-Chaussée
0%
Gontaud-de-Nogaret
0%
Gosnay
0%
Gottenhouse
0%
Gouellet Leuhan
0%
Gourette
0%
Goutibert
0%
Goutte-des-Saints
0%
Gouttières
0%
Grâce-Uzel
0%
Grainville-Langannerie
0%
Grand Ceriseaux
0%
Grand Chalier
0%
Grandchamp
0%
Grande Bozée
0%
Grand Guichy
0%
Grand Jarien
0%
Grange Bertin
0%
Grange-de-Vaivre
0%
Grugies
0%
Grury
0%
Guenviller
0%
Gueyze
0%
Guibermesnil
0%
Guichards
0%
Guigny
0%
Guiler-sur-Goyen
0%
Guillot
0%
Gumery
0%
Gunsbach
0%
Hallignicourt
0%
Hardinxent
0%
Hary
0%
Haute-Épine
0%
Hauterive
0%
Heiltz-le-Maurupt
0%
Heiteren
0%
Herbeuville
0%
Hères
0%
Herly
0%
Heudicourt-sous-les-Côtes
0%
Heyrieux
0%
Hiers
0%
Hiersac
0%
Hiesse
0%
Hoéville
0%
Hombières
0%
Houlette
0%
Housseras
0%
Huningue
0%
Ichy
0%
Île-d’Aix
0%
Ilhet
0%
Infray
0%
Ippécourt
0%
Ispagnac
0%
Issus
0%
Izella
0%
Jailliex
0%
Janaillat
0%
Jarjayes
0%
Jarnac-Champagne
0%
Jaucourt
0%
Jean-Jean
0%
Jésonville
0%
Jeumont
0%
Joiselle
0%
Jola
0%
Jonzais
0%
Jouancy
0%
Joucas
0%
Joyeux
0%
Juillenay
0%
Juniville
0%
Juvrecourt
0%
Kerandreau
0%
Keranfubu
0%
Kerbach
0%
Kergoat
0%
Kerguec’h
0%
Kerguen
0%
Kermaquer
0%
Kernevez Saint-Christophe
0%
Kerpourhant
0%
Kervalet
0%
Kervaugam
0%
Kerydreuf-en-Plouhinec
0%
Kindwiller
0%
Kutzenhausen
0%
La Babinais
0%
La Balmette
0%
La Barantonnerie
0%
La Baroche-sous-Lucé
0%
La Barriais
0%
La Bastide-de-Besplas
0%
La Bastide-des-Fons
0%
La Bâtie-Divisin
0%
Labeaume
0%
La Bergerie
0%
La Bertomarie
0%
La Boissière
0%
La Breille-les-Pins
0%
La Bretonne
0%
La Bruguière
0%
La Brûlée
0%
La Brunie
0%
La Caillère
0%
La Cambe
0%
Lacapelle-Livron
0%
La Cayolle
0%
La Cécile
0%
La Chaise
0%
La Chamba
0%
La Chapelle-au-Riboul
0%
La Chapelle-Bayvel
0%
La Chapelle-d’Aunainville
0%
La Chapelle-Onzerain
0%
La Charonnerie
0%
La Châtaigneraie
0%
La Chevade
0%
La Cochette
0%
La Cresse
0%
Lacroix
0%
La Croix de Chenoise
0%
La Croix-de-la-Rochette
0%
La Doisnière
0%
La Fargennerie
0%
La Férée
0%
La Ferté-sur-Chiers
0%
Lafeuillade-en-Vézie
0%
La Forclaz
0%
La Forge
0%
La Gaillarde
0%
L’Age Martin
0%
La Géraudais
0%
La Girière
0%
La Grange-au-Doyen
0%
La Halte d’Eyrenville
0%
La Harmoye
0%
La Haute Bouexière
0%
La Haute Combe
0%
L’Aireau
0%
Laizé
0%
La Javelat
0%
La Mareuge
0%
Lamaud
0%
La Mazière-aux-Bons-Hommes
0%
La Même
0%
Lamensans
0%
La Mothe-Achard
0%
La Motte Moreau
0%
Lanarvily
0%
Landrévarzec
0%
Landricourt
0%
La Nerthe
0%
La Neuville-à-Maire
0%
La Neuville-Garnier
0%
La Neuville-Sire-Bernard
0%
Laneuville-sur-Meuse
0%
Lannuzel
0%
La Noue
0%
La Nouzière
0%
Lanriec
0%
Lanslebourg-Mont-Cenis
0%
Lantages
0%
Lanvéoc
0%
La Paize
0%
Laparrinié
0%
La Pinolie
0%
La Pisière
0%
La Plancade
0%
La Planche de Gourdon
0%
La Plesse
0%
La Pomelie
0%
La Pommeraye
0%
La Pordais
0%
La Poussinière
0%
La Pyramide
0%
La Quaisne
0%
La Racinière
0%
Larchantel
0%
La Ribeyrie
0%
La Ribierre
0%
La Ronzière
0%
Larrau
0%
La Sabotterie
0%
La Sibotière
0%
La Soucheyre
0%
La Thibauderie
0%
La Trinité-Langonnet
0%
La Truchère
0%
Lattainville
0%
La Tuilerie
0%
La Turbie
0%
L’Aunay
0%
La Vacquerie
0%
La Valade
0%
Lavallot
0%
La Ville-aux-Bois-lès-Dizy
0%
Lavol
0%
Le Bâtiment
0%
Le Bauchet
0%
Le Beauchot
0%
Le Beau-Fournier
0%
Le Biot
0%
Le Boisgeloup
0%
Le Bord des Rues
0%
Le Buat
0%
L’Écaille
0%
Le Caroff
0%
Le Chaussendent
0%
Le Chier
0%
L’Eclache
0%
L’Eclause
0%
Le Cosquer
0%
Le Coteau
0%
Le Coudray
0%
Le Defoix
0%
Le Domal
0%
Le Don
0%
Le Fango
0%
Leffincourt
0%
Le Fougneron
0%
Le Glas
0%
Le Grand Quesnay
0%
Le Hubert
0%
Le Lautaret
0%
Le Lauzet
0%
Le Loquin
0%
Le Mage
0%
Le Marais de Sin
0%
Le Marot
0%
Le Mas de Baud
0%
Le Mas du Bourg
0%
Le Mesnil-Auzouf
0%
Le Mesnil-Hardray
0%
Le Mesnil-Rainfray
0%
Lempzours
0%
Le Muratel
0%
Lengronne
0%
Le Paisty-Vert
0%
Le Passage
0%
Le Pavillon
0%
Le Péage
0%
Le Perréon
0%
Le Petit Buisson
0%
Le Petit-Paris
0%
Le Pinet
0%
Le Potin
0%
Le Ronlet
0%
Le Russey
0%
Les Adoux
0%
Les Alleuds
0%
Les Arnoux
0%
Les Arpens
0%
Le Sarret
0%
Les Aubués
0%
Les Audrans
0%
Les Aulneaux
0%
Les Bernards
0%
Les Bonis
0%
Les Bonnets
0%
Les Bouneaux
0%
Les Bruns
0%
Les Buges
0%
Les Chabannes
0%
Les Chaises
0%
Les Chalps
0%
Les Charteries
0%
Les Chaussins
0%
Les Chéris
0%
Les Cités
0%
Les Cottereaux
0%
Les Coupes-de-Pouligny
0%
Les Dunes d’Oye
0%
Les Essarts
0%
Les Frênes
0%
Les Garots
0%
Les Girards
0%
Les Grèves
0%
Les Grimardis
0%
Les Grisonnières
0%
Les Îles
0%
Les Îles Menéfrier
0%
Les Issards
0%
Les Jarres
0%
Les Joncheries
0%
Les Mazières
0%
Les Minimes
0%
Les Mousseaux
0%
Les Nielloux
0%
Le Sourn
0%
Les Paroches
0%
Lesparrou
0%
Les Passerats
0%
Les Pénitiaux
0%
Les Pinthières
0%
Les Puits l’Évêque
0%
Les Rairies
0%
Les Riceys
0%
Les Robins
0%
Les Roux
0%
Lessac
0%
Les Sagnères
0%
Lestomble
0%
Le Suchois
0%
Les Vignères
0%
Les Vivas
0%
Le Vaudreuil
0%
Le Verdois
0%
Le Vernay
0%
Le Vernet-Saint-Esprit
0%
Le Vial
0%
Le Vialard
0%
Le Villard de Sangot
0%
Le Villars
0%
L’Hospitalet-près-l’Andorre
0%
L’Hôtellerie
0%
Lieurac
0%
Liffol-le-Grand
0%
Ligny-sur-Canche
0%
Limons
0%
Lisle-en-Barrois
0%
L’Isle-sur-Serein
0%
Listrac-de-Durèze
0%
Livry-sur-Vesle
0%
Locquirec
0%
Lomont-sur-Crête
0%
Lomprat
0%
Longlaville
0%
Loueuse
0%
Lougé-sur-Maire
0%
Loumeuil
0%
Louresse
0%
Louzy
0%
Lovagny
0%
Loye-sur-Arnon
0%
Lucelle
0%
Lucenay
0%
Lullin
0%
Luplanté
0%
Luscan
0%
Lusignan-Grand
0%
Lusignan-Petit
0%
Machy
0%
Mackenheim
0%
Maclaunay
0%
Madranges
0%
Maël-Pestivien
0%
Mairé
0%
Maisod
0%
Maizerais
0%
Maizières-lès-Vic
0%
Malbosc
0%
Mallet Petit
0%
Malons-et-Elze
0%
Maloza
0%
Maltaverne
0%
Malvalette
0%
Manin
0%
Manthes
0%
Marcenod
0%
Marchelong
0%
Marcollange
0%
Mardié
0%
Mardigny
0%
Marest-Dampcourt
0%
Mareuge
0%
Margat
0%
Marivaux
0%
Marmont
0%
Marsac-sur-Don
0%
Martinfontaine
0%
Mas d’Allègre
0%
Mas-del-Bos
0%
Maudétour-en-Vexin
0%
Mauléon-Barousse
0%
Maulnes
0%
Mauny
0%
Maurès
0%
Mauvaisin
0%
Mavilly-Mandelot
0%
Maxey-sur-Vaise
0%
Mazeley
0%
Menetou-Couture
0%
Ménétréols-sous-Vatan
0%
Méon
0%
Méral
0%
Mercenac
0%
Mérignas
0%
Mérignat
0%
Méry-sur-Oise
0%
Mésangueville
0%
Mesnil-sous-Vienne
0%
Messei-Saint-Gervais
0%
Meymans
0%
Mézières-sur-Seine
0%
Mifaget
0%
Millery
0%
Mirville
0%
Miscon
0%
Miserey-Salines
0%
Mittelhausbergen
0%
Mittelhausen
0%
Moidrey
0%
Moireville
0%
Moïta
0%
Molac
0%
Molincourt
0%
Molines-en-Champsaur
0%
Molinet
0%
Molles
0%
Molleville
0%
Moncel-et-Happoncourt
0%
Moncy
0%
Mondorff
0%
Monestier
0%
Monségur
0%
Montarmin
0%
Montaut
0%
Montbolo
0%
Montbrun-des-Corbières
0%
Montcléra
0%
Mont-de-Galié
0%
Montereau-faut-Yonne
0%
Montferrand-du-Périgord
0%
Montflix
0%
Montgaillard
0%
Montgenèvre
0%
Montheries
0%
Montigny-le-Gannelon
0%
Montillas
0%
Montival
0%
Montlieu-la-Garde
0%
Montmiral
0%
Montmort
0%
Montmurat
0%
Montoing
0%
Montpeyroux
0%
Montremont
0%
Mont-Saint-Martin
0%
Montureux-et-Prantigny
0%
Monviel
0%
Morlanne
0%
Mormant
0%
Mornex
0%
Morteaux-Couliboeuf
0%
Mouton
0%
Muhlbach-sur-Munster
0%
Muntzenheim
0%
Musigny
0%
Nagel-Séez-Mesnil
0%
Nannay
0%
Nasbinals
0%
Nassiet
0%
Naucelle
0%
Navilly
0%
Négron
0%
Négrondes
0%
Nestier
0%
Neuflieux
0%
Neuflize
0%
Neuhaeusel
0%
Neuilly-le-Malherbe
0%
Neuve-Maison
0%
Neuville-en-Ferrain
0%
Neuville-les-Dames
0%
Neuville-sur-Ain
0%
Niederlarg
0%
Nisnisan
0%
Nizan-Gesse
0%
Nod-sur-Seine
0%
Noeux-lès-Auxi
0%
Nogent-le-Bas
0%
Nonards
0%
Noron-l’Abbaye
0%
Nouailhas
0%
Nousse
0%
Novella
0%
Oberdorff
0%
Oberlauterbach
0%
Oeyregave
0%
Ognes
0%
Ohain
0%
Oimpuits
0%
Olmet
0%
Onglas
0%
Onnex
0%
Ormersviller
0%
Ormoy-le-Davien
0%
Orny
0%
Ortholès
0%
Othe
0%
Ouerray
0%
Ouestreville
0%
Oust
0%
Outrebois
0%
Ouve-Wirquin
0%
Paissy
0%
Paix
0%
Palavese
0%
Pardellières
0%
Pas-de-Jeu
0%
Pecorile
0%
Pencran
0%
Perdreauville
0%
Pérérol
0%
Pescadoires
0%
Pessat
0%
Pételoup
0%
Petite-Rosselle
0%
Petite Serenne
0%
Petit-Landau
0%
Peuplingues
0%
Peyrefitte-sur-l’Hers
0%
Pezou
0%
Pierre-Châtel
0%
Pierrecourt
0%
Pierrefitte-sur-Sauldre
0%
Pissot
0%
Plassac
0%
Plouëc-du-Trieux
0%
Pluherlin
0%
Pomiès
0%
Pommier
0%
Pont à Chaussy
0%
Pont-Arcy
0%
Pont de Labarde
0%
Pont-du-Rastel
0%
Pont-Melvez
0%
Porh-Pus
0%
Port d’Atelier
0%
Porté-Puymorens
0%
Port-Haliguen
0%
Porto Vecchiaccio
0%
Pouillon
0%
Pouilly-sous-Charlieu
0%
Pouligny-Saint-Pierre
0%
Pourly
0%
Pradeaux
0%
Prad Foene
0%
Précy-sur-Marne
0%
Prenois
0%
Pré Picault
0%
Présailles
0%
Prez-sur-Marne
0%
Prouray
0%
Proveysieux
0%
Prunay-sous-Ablis
0%
Puntous
0%
Puymaurin
0%
Quatre-Champs
0%
Quellenec
0%
Quérénaing
0%
Quernes
0%
Quesmy
0%
Quettreville-sur-Sienne
0%
Quiévrechain
0%
Quincieu
0%
Radon
0%
Ramoulu
0%
Randol
0%
Rapevache
0%
Rasteau
0%
Raynaud
0%
Récicourt
0%
Réez-Fosse-Martin
0%
Refourgan
0%
Regnéville-sur-Mer
0%
Rejatas
0%
Remouillé
0%
Rest
0%
Reugny
0%
Reux
0%
Revigny-sur-Ornain
0%
Ricarville
0%
Richeville
0%
Rimplas
0%
Riom-ès-Montagnes
0%
Rivières
0%
Robersart
0%
Rochebrune
0%
Rochepleiou
0%
Rochesson
0%
Rodelle
0%
Rohanno
0%
Romaniargues
0%
Romeix
0%
Romenay
0%
Ronchaux
0%
Roquedur le Haut
0%
Roquelaure
0%
Rosenwiller
0%
Rosheim
0%
Rouessé-Fontaine
0%
Rouilly-Saint-Loup
0%
Roumagne
0%
Roupied
0%
Roussare
0%
Rubécourt-et-Lamécourt
0%
Rue de Trubleville
0%
Rumersheim
0%
Sabaillan
0%
Sablons
0%
Saffré
0%
Sagelat
0%
Sain-Bel
0%
Saint-Abraham
0%
Saint-Agnan-sur-Sarthe
0%
Saint-Agnin-sur-Bion
0%
Saint-Amand-le-Petit
0%
Saint-Anastase
0%
Saint-André-de-Sangonis
0%
Saint-Andrieux
0%
Saint-Avit
0%
Saint-Avit-le-Pauvre
0%
Saint-Baussant
0%
Saint-Bénigne
0%
Saint-Christophe-en-Boucherie
0%
Saint-Cirq
0%
Saint-Civran
0%
Saint-Corneille
0%
Saint-Cyr-les-Colons
0%
Saint-Denis-sur-Coise
0%
Saint-Domet
0%
Sainte-Anne du Portzic
0%
Sainte-Honorine-la-Chardonnerette
0%
Sainte-Juliette
0%
Saint-Élophe
0%
Saint-Éloy-les-Tuileries
0%
Sainte-Marguerite
0%
Sainte-Marie-de-Campan
0%
Sainte-Marie-du-Mont
0%
Sainte-Mondane
0%
Sainte-Orse
0%
Sainte-Pience
0%
Sainte-Thècle
0%
Saint-Étienne-de-Lisse
0%
Saint-Etienne-Roilaye
0%
Saint-Eugienne
0%
Saint-Évroult-Notre-Dame-du-Bois
0%
Saint-Félix de Reillac
0%
Saint-Félix-Lauragais
0%
Saint-Fiacre
0%
Saint-Gal
0%
Saint-Geneys-près-Saint-Paulien
0%
Saint-Geniès
0%
Saint-Georges-de-Baroille
0%
Saint-Georges-sur-Fontaine
0%
Saint-Germain de Béard
0%
Saint-Germain-de-Joux
0%
Saint-Germain-sur-Sèves
0%
Saint-Gingolph
0%
Saint-Gondon
0%
Saint-Grégoire-du-Vièvre
0%
Saint-Hilaire-le-Grand
0%
Saint-Huret
0%
Saint-Inglevert
0%
Saint-Jans-Cappel
0%
Saint-Jean-de-Lier
0%
Saint-Jean-de-Losne
0%
Saint-Jean-du-Cardonnay
0%
Saint-Jean-sur-Tourbe
0%
Saint-Joseph-de-Rivière
0%
Saint-Just-Chaleyssin
0%
Saint-Lager
0%
Saint-Lamain
0%
Saint-Laurent-de-Muret
0%
Saint-Laurent-du-Verdon
0%
Saint-Laurent-en-Brionnais
0%
Saint-Laurent-la-Conche
0%
Saint-Laurent-Rochefort
0%
Saint-Laurent-sur-Manoire
0%
Saint-Léger-sur-Bonneville
0%
Saint-Léopardin-d’Augy
0%
Saint-Lumine-de-Clisson
0%
Saint-Lyé
0%
Saint-Marcel-lès-Annonay
0%
Saint-Martial
0%
Saint-Martin-aux-Buneaux
0%
Saint-Martin-aux-Chartrains
0%
Saint-Martin-d’Arrossa
0%
Saint-Martin-de-Goyne
0%
Saint-Martin-des-Champs
0%
Saint-Martin-le-Pin
0%
Saint-Martin-Plage
0%
Saint-Maurice-de-Gourdans
0%
Saint-Maurice-Montcouronne
0%
Saint-Maurice sur Loire
0%
Saint-Maurice-sur-Moselle
0%
Saint-Maurice-Thizouaille
0%
Saint-Mayeux
0%
Saint-Mesmin
0%
Saint-Michel-de-Livet
0%
Saint-Oblas
0%
Saint-Outrille
0%
Saint-Pantaly-d’Excideuil
0%
Saint-Pardoult
0%
Saint-Pardoux-de-Mareuil
0%
Saint-Péver
0%
Saint-Philbert-du-Peuple
0%
Saint-Pierre-Chérignat
0%
Saint-Pierre-de-Cormeilles
0%
Saint-Pierre-de-Plesguen
0%
Saint-Pierre-lès-Nemours
0%
Saint-Pierre-sur-Dropt
0%
Saint-Pompain
0%
Saint-Porchaire
0%
Saint-Quentin-la-Poterie
0%
Saint-Révérien
0%
Saint-Rome-de-Tarn
0%
Saint-Saëns
0%
Saint-Sauveur-Gouvernet
0%
Saint-Savournin
0%
Saint-Sériès
0%
Saint-Seurin-de-Palenne
0%
Saint-Sterlin
0%
Saint-Symphorien-sous-Chomérac
0%
Saint-Valérien
0%
Saint-Viaud
0%
Saizenay
0%
Samson
0%
Sancy
0%
Sanxay
0%
Sarcenas
0%
Saulnières
0%
Sauvigny-le-Beuréal
0%
Sauzeries Basses
0%
Sauzon
0%
Savignac
0%
Savignargues
0%
Schaentzel
0%
Schalbach
0%
Scheibenhard
0%
Sciecq
0%
Sécheras
0%
Ségalas
0%
Sémeries
0%
Sémerville
0%
Sentenac-de-Sérou
0%
Senven-Léhart
0%
Servoules
0%
Seuil
0%
Sevrai
0%
Sibiville
0%
Simandres
0%
Sioniac
0%
Sode
0%
Soeurdres
0%
Soeuvres
0%
Soisy-sur-Seine
0%
Solmet
0%
Sommaing
0%
Sonzay
0%
Sorges
0%
Soulanger
0%
Soumensac
0%
Sourdun
0%
Spelonca
0%
Spincourt
0%
Stervin
0%
Stuckange
0%
Suzoy
0%
Tabaille
0%
Tachoires
0%
Talmas
0%
Tanaron
0%
Tanus
0%
Tarazone
0%
Tarzy
0%
Teinte
0%
Teneze
0%
Tesson
0%
Tessonnière
0%
Thérouanne
0%
Theuley
0%
Thézac
0%
Thiernu
0%
Thiouville
0%
Thiville
0%
Thorigny-sur-Marne
0%
Thourotte
0%
Thubeauville
0%
Tignécourt
0%
Tillenay
0%
Torjonas
0%
Tornac
0%
Tornay
0%
Torvilliers
0%
Total Haut
0%
Toufflers
0%
Touille
0%
Touillon
0%
Toulon-sur-Allier
0%
Tournavaux
0%
Tourriers
0%
Tours-en-Vimeu
0%
Toury
0%
Tova
0%
Trassoudaine
0%
Trelagot
0%
Tréloup
0%
Trémauville
0%
Tremblay-lès-Gonesse
0%
Tremblecourt
0%
Tressignaux
0%
Treux
0%
Trézelan
0%
Triac
0%
Troisfontaines
0%
Troisgots
0%
Trôo
0%
Tully
0%
Ty-Aryun
0%
Unterste Muehle
0%
Urdos
0%
Urepel
0%
Vacquenoux
0%
Valay
0%
Valdampierre
0%
Valderoure
0%
Valfin-sur-Valouse
0%
Valpreveyre
0%
Val Profonde
0%
Valtange
0%
Vandelainville
0%
Varacieux
0%
Varaize
0%
Varennes-sur-Allier
0%
Varennes-sur-Seine
0%
Varreddes
0%
Vaubecourt
0%
Vauchelles-lès-Domart
0%
Vauciennes
0%
Vaucluse
0%
Vaures
0%
Vauxrenard
0%
Vauzelle
0%
Vavincourt
0%
Vavray-le-Petit
0%
Vèbre
0%
Vellery
0%
Velogny
0%
Vélu
0%
Vendoeuvres
0%
Vendresse-Beaulne
0%
Ventuile
0%
Verdèse
0%
Verdonnet
0%
Verlans
0%
Vermenton
0%
Verneiges
0%
Verneuil-en-Halatte
0%
Verneuil-Moustiers
0%
Vexaincourt
0%
Veyras
0%
Vialleix
0%
Viâpres-le-Petit
0%
Vic-sur-Seille
0%
Vieille-Ville
0%
Viesly
0%
Vieux Molini
0%
Vieux-Reng
0%
Vigneul-sous-Montmédy
0%
Vignot
0%
Village de la Judée
0%
Villebret
0%
Villefranche-de-Conflent
0%
Villegailhenc
0%
Villegéneray
0%
Villelongue
0%
Villeneuve-sur-Bellot
0%
Villerajouze
0%
Villerest
0%
Ville-sur-Saulx
0%
Vinabineau
0%
Vinsobres
0%
Vintilhac
0%
Violles
0%
Voisines
0%
Volnay
0%
Vorey
0%
Vouciennes
0%
Voyenne
0%
Vroville
0%
Wahagnies
0%
Wamin
0%
Wannehain
0%
Wattebléry
0%
Wattignies-la-Victoire
0%
Wervicq-Sud
0%
Westhouse-Marmoutier
0%
Wihr-en-Plaine
0%
Yenne
0%
Zetting
0%

Distribution des résultats

Percentile par nombre de réponses

% des personnes avec chaque résultat

Votre développement - résultats

Vous n’avez pas pris ce quiz